<?xml version="1.0" encoding="UTF-8"?>
<marc:record xmlns:marc="http://www.loc.gov/MARC21/slim">
   <marc:leader>00000nam a2200000 a 4500</marc:leader>
   <marc:datafield ind1="1" ind2=" " tag="100">
      <marc:subfield code="a">Bled, Jean-Paul</marc:subfield>
      <marc:subfield code="4">aut</marc:subfield>
      <marc:subfield code="e">Verfasser/-in</marc:subfield>
   </marc:datafield>
   <marc:datafield ind1="1" ind2=" " tag="100">
      <marc:subfield code="a">Bled, Jean-Paul</marc:subfield>
   </marc:datafield>
   <marc:datafield ind1=" " ind2=" " tag="653">
      <marc:subfield code="a">Franz Ferdinand</marc:subfield>
   </marc:datafield>
   <marc:datafield ind1=" " ind2=" " tag="653">
      <marc:subfield code="a">Erster Weltkrieg</marc:subfield>
   </marc:datafield>
   <marc:datafield ind1=" " ind2=" " tag="653">
      <marc:subfield code="a">Sarajevo</marc:subfield>
   </marc:datafield>
   <marc:datafield ind1=" " ind2=" " tag="653">
      <marc:subfield code="a">Softcover / Geschichte/Neuzeit bis 1918</marc:subfield>
   </marc:datafield>
   <marc:datafield ind1=" " ind2=" " tag="653">
      <marc:subfield code="a">Biografie</marc:subfield>
   </marc:datafield>
   <marc:datafield ind1=" " ind2=" " tag="653">
      <marc:subfield code="a">Biographie</marc:subfield>
   </marc:datafield>
   <marc:datafield ind1="0" ind2="0" tag="245">
      <marc:subfield code="a">Franz Ferdinand</marc:subfield>
   </marc:datafield>
   <marc:datafield ind1="0" ind2="0" tag="245">
      <marc:subfield code="b">der eigensinnige Thronfolger</marc:subfield>
   </marc:datafield>
   <marc:datafield ind1="0" ind2="0" tag="245">
      <marc:subfield code="c">Jean-Paul Bled. Aus dem Franz. von Susanna Grabmayr und Marie-Therese Pitner</marc:subfield>
   </marc:datafield>
   <marc:datafield ind1=" " ind2="1" tag="264">
      <marc:subfield code="a">Wien</marc:subfield>
      <marc:subfield code="b">Böhlau</marc:subfield>
      <marc:subfield code="c">2013</marc:subfield>
   </marc:datafield>
   <marc:datafield ind1="1" ind2=" " tag="520">
      <marc:subfield code="a">Angaben aus der Verlagsmeldung

Franz Ferdinand : Der eigensinnige Thronfolger / von Jean-Paul Bled

Die Beziehung zwischen dem österreichischen Thronfolger Franz Ferdinand und Kaiser Franz Joseph war eine kontroverse: Gemeinsam war Onkel und Neffen zweifellos die hohe Achtung der Dynastie und des monarchischen Prinzips; ebenso gemeinsam war ihnen angesichts der zunehmenden Gefahren von außen die Verteidigung einer Friedenspolitik. Andererseits missbilligte Franz Ferdinand die Innenpolitik des Kaisers und brannte darauf, an den Regierungsgeschäften beteiligt zu werden. Im wichtigsten Punkt, der Frage der Organisation der Monarchie, waren sich die beiden Männer völlig uneins. Franz Ferdinand lehnte die Ungarnpolitik seines Onkels ab. Auch durch seine Heirat mit Sophie Gräfin Chotek wehrte er sich gegen kaiserliche Standesregeln. Hätte Franz Ferdinand im Falle einer Regentschaft den Lauf der Geschichte verändert?
Die Biografie von Jean-Paul Bled zeichnet das facettenreiche Leben und Wirken des verhinderten Thronfolgers detailliert nach. Zahlreiche unveröffentlichte oder wenig bekannte Quellen runden das Bild einer Persönlichkeit ab, die im Leben eigene Wege ging und deren Ende auch das Ende des Kaiserreiches Österreich-Ungarn mitbestimmte.
</marc:subfield>
   </marc:datafield>
   <marc:datafield ind1=" " ind2=" " tag="020">
      <marc:subfield code="a">9783205788508</marc:subfield>
      <marc:subfield code="9">9783205788508</marc:subfield>
   </marc:datafield>
   <marc:datafield ind1=" " ind2=" " tag="020">
      <marc:subfield code="a">3205788508</marc:subfield>
      <marc:subfield code="9">3205788508</marc:subfield>
   </marc:datafield>
   <marc:datafield ind1=" " ind2=" " tag="041">
      <marc:subfield code="a">ger</marc:subfield>
   </marc:datafield>
   <marc:datafield ind1=" " ind2=" " tag="300">
      <marc:subfield code="a">322 S.</marc:subfield>
   </marc:datafield>
</marc:record>
